Sovereign Military Order of Malta Country Quiz - Statistics

General Stats
  • This quiz has been taken 25 times
  • The average score is 10 of 15
Answer Stats
Hint Answer % Correct
Total land area 0
83%
Branch of the above that the Order follows Catholicism
83%
Religon of the Order Christianity
79%
Malta
79%
Mediterranean islands they were based in after being expelled from the above Rhodes
79%
Status that the Order has in the UN, the same as Palestine {Observer} status
71%
City which has its headquarters Rome
67%
North African city once controlled by the Order Tripoli
63%
Capital city founded by the Order Valletta
63%
Four Saint islands in the Caribbean the Order once owned (name any) Saint Bárthelemy | Saint Christopher | Saint Croix | Saint Martin
58%
European leader who exiled them out of the above in 1798 Napoleon
54%
What the Order provides to people in need, regardless of religion/race {Humanitarian} aid
50%
Swedish island which was once offered to the Order Gotland
46%
Where the above was founded Jerusalem
46%
Predecessor of the Order Knights {Hospitaller}
33%
No matching quizzes found
Score Distribution
Percent of People with Each Score
Percentile by Number Answered
Your Score History
You have not taken this quiz